000 00547cam a2200145 4500500
005 20251017190120.0
041 _afre
042 _adc
100 1 0 _aArnault, Gabriel
_eauthor
245 0 0 _aThomas Porcher Le vacataire Expérience vécue de la précarité à l’université. Stock, « Immersions », 2025, 198 pages, 19,50 €.
260 _c2025.
500 _a55
786 0 _nÉtudes | - | 10 | 2025-09-30 | p. 139a-140 | 0014-1941
856 4 1 _uhttps://shs.cairn.info/revue-etudes-2025-10-page-139a?lang=fr&redirect-ssocas=7080
999 _c1551306
_d1551306